000 00935cam a22002415a 4500
001 L143070
008 080407s2008 xxk f 001 0 eng d
020 _a9780754534570
035 _a(Sirsi) u143070
041 0 _aeng
050 0 4 _a346.41024 $2 18
100 1 _aSlade, Elizabeth
245 0 0 _aTolley's employment handbook
250 _a22nd ed.
260 _aLondon
_bLexisNexis
_c2008
300 _acxc, 1264p.
_c23cm.
350 _a97
520 _aCovers all aspects of employment law and major legislative and judicial developments from the last year. Includes a redundancy ready reckoner table; an expanded section on sex discrimination as it applies to pregnant employees and detail on the coming into force of the Equality Act 2006. Discusses many of the most significant cases from the last year.
521 _aAdvanced
651 4 _aUnited Kingdom
_y
690 _aMANAGEMENT-BUSINESS MANAGEMENT
942 _n0
999 _c108054
_d108054